000 00802nam a2200205Ia 4500
003 GCL
008 140319s9999 xx 000 0 ara d
040 _aGCL /
_cGCL
082 0 4 _a025.177
_bش م
100 1 _aشعبان عبدالعزيز خليفة
245 1 0 _aالمواد السمعية والبصرية والمصغرات الفيلمية فى المكتبات ومراكز المعلومات /
_cشعبان عبدالعزيز خليفة
700 1 _aمحمد عوض العايدى
300 _a366 ص
490 _aالهيئة العامة للاستعلامات
_v0
650 0 4 _aالخدمة المكتبية
650 0 4 _aالمواد السمعية والبصرية
650 0 4 _aالمواد غير المطبوعة
650 0 4 _aمكتبات الافلام
942 _2ddc
_cBK
999 _c48116
_d48116